书目信息 |
| 题名: |
工程力学
|
|
| 作者: | 周建波 主编 | |
| 分册: | ||
| 出版信息: | 重庆 重庆大学出版社 2004.08 |
|
| 页数: | 306页 | |
| 开本: | 26cm | |
| 丛书名: | 高职高专基础课系列教材 | |
| 单 册: | ||
| 中图分类: | TB12 | |
| 科图分类: | ||
| 主题词: | 工程力学--高等教育--教材 | |
| 电子资源: | ||
| ISBN: | 7-5624-3143-4 | |
| 000 | 00909nam 2200253 450 | |
| 001 | 010232329545 | |
| 005 | 20050915100913.84 | |
| 010 | @a7-5624-3143-4@dCNY26.00 | |
| 100 | @a20050520d2004 km y0chiy0120 ea | |
| 101 | 0 | @achi |
| 102 | @aCN@b510000 | |
| 105 | @aa z 000yy | |
| 200 | 1 | @a工程力学@Agong cheng li xue@e少学时@f周建波主编@Fzhou jian bo zhu bian |
| 210 | @a重庆@c重庆大学出版社@d2004.08 | |
| 215 | @a306页@c图@d26cm | |
| 225 | 2 | @a高职高专基础课系列教材@Agao zhi gao zhuan ji chu ke xi lie jiao cai |
| 330 | @a本书从工程实际出发,重点介绍工程应用中的基本知识、分析问题的思路和解决问题的方法,从静力学、材料力学,运动学与动力学三方面进行讲述。 | |
| 410 | 0 | @12001 @a高职高专基础课系列教材 |
| 517 | 1 | @a少学时@Ashao xue shi |
| 606 | 0 | @a工程力学@x高等教育@j教材 |
| 690 | @aTB12@v4 | |
| 701 | 0 | @a周建波@Azhou jian bo@4主编 |
| 801 | 0 | @aCN@bQSSK@c20050915 |
| 905 | @a10447@dTB12@eZ770 | |
| 工程力学:少学时/周建波主编.-重庆:重庆大学出版社,2004.08 |
| 306页:图;26cm.-(高职高专基础课系列教材) |
| ISBN 7-5624-3143-4:CNY26.00 |
| 本书从工程实际出发,重点介绍工程应用中的基本知识、分析问题的思路和解决问题的方法,从静力学、材料力学,运动学与动力学三方面进行讲述。 |
| ● |
| 相关链接 |
|
|
|
正题名:工程力学
索取号:TB12/Z770
 
预约/预借
| 序号 | 登录号 | 条形码 | 馆藏地/架位号 | 状态 | 备注 |
| 1 | 565048 | 205650482 | 自科库501/501自科库 3排3列1层/ [索取号:TB12/Z770] | 在馆 | |
| 2 | 565049 | 205650491 | 自科库501/501自科库 3排3列1层/ [索取号:TB12/Z770] | 在馆 | |
| 3 | 565050 | 205650507 | 自科库501/501自科库 3排3列1层/ [索取号:TB12/Z770] | 在馆 |